000
00344nam a2200145Ia 4500
008
150201s2001 xx 000 0 und d
082
_a
617.6
_b
A2001L
100
_a
LIEBGETT,BERNARD
245
_a
THE ANATOMICAL BASIS OF DENTISTRY
250
_a
2ND
260
_b
MOSBY
_a
DELHI
_c
2001
300
_a
1-546
650
_a
ANATOMY
942
_2
ddc
_c
BK
999
_c
3561
_d
3561